000 00354nam a22001457a 4500
008 250604b |||||||| |||| 00| 0 eng d
020 _a9789382226253
050 _aHF 1025
_b.E44
100 _aEmeral Philip
245 _aEconomic Geography
260 _aNew Delhi
_bRandom exports
_c2013
300 _a324p
650 _aEconomic geography
942 _cBK
999 _c3763
_d3763